000 00767nam a22002297a 4500
005 20160129142304.0
008 160129t2010 ck a |r|||| 00| 0 eng d
020 _a9789589958902
040 _aCO-BoIAVH
_cCO-BoIAVH
041 0 _aeng
044 _ack
090 _aEA-
_b378
100 1 _aDombro, Dexter B.
245 1 0 _aArbolito the saladillo /
_cpor Dexter B. Dombro
250 _a1a. edición
260 _aSan José (Costa Rica) :
_bPlaneta verde reforestación,
_cc2010.
300 _a23 páginas :
_bilustraciones a color ;
_c18 x 24 cm.
650 6 _aRecursos naturales
_vLiteratura infantil
650 6 _aEducación ambiental
_vLiteratura infantil
650 6 _aBiodiversidad
_vLiteratura infantil
942 _2ddc
_cFolleto
999 _c18049
_d18049